Typing Sprint - Statistics

General Stats
  • This quiz has been taken 519 times
  • The average score is 10 of 10
Answer Stats
Word Answer % Correct
Mother Mother
100%
Bacon Bacon
98%
Umbrella Umbrella
98%
Australia Australia
97%
Coyote Coyote
97%
Movie Movie
97%
Pelican Pelican
97%
Handbag Handbag
95%
Minute Minute
95%
Backpack Backpack
94%
No matching quizzes found
Score Distribution
Percent of People with Each Score
Percentile by Number Answered
Your Score History
You have not taken this quiz